[Event "Top 12 Feminin Groupe A"]
[Site "Juvisy sur Orge"]
[Date "2018.05.05"]
[Round "1.1"]
[White "Salinova, Nurgyul"]
[Black "Cramling, Pia"]
[Result "0-1"]
[WhiteElo "2260"]
[BlackElo "2448"]
[PlyCount "105"]
[EventDate "2018.05.05"]


1. e4 {[%clk 1:30:55]} c5 {[%clk 1:30:49]} 2. Nf3 {[%clk 1:31:15]} e6
{[%clk 1:30:55]} 3. d4 {[%clk 1:31:32]} cxd4 {[%clk 1:31:20]} 4. Nxd4
{[%clk 1:31:55]} a6 {[%clk 1:31:45]} 5. Nc3 {[%clk 1:31:58]} Qc7 {[%clk 1:30:54]}
6. Be2 {[%clk 1:31:49]} Nf6 {[%clk 1:26:42]} 7. O-O {[%clk 1:29:11]} d6
{[%clk 1:26:15]} 8. Be3 {[%clk 1:23:08]} b5 {[%clk 1:22:58]} 9. Bf3
{[%clk 1:12:35]} Bb7 {[%clk 1:21:58]} 10. a3 {[%clk 1:08:37]} Nbd7
{[%clk 1:21:28]} 11. Re1 {[%clk 1:00:51]} Be7 {[%clk 1:20:17]} 12. g3
{[%clk 0:53:15]} Ne5 {[%clk 1:18:02]} 13. Bg2 {[%clk 0:53:27]} O-O
{[%clk 1:17:59]} 14. h3 {[%clk 0:46:59]} Rac8 {[%clk 1:14:11]} 15. g4
{[%clk 0:39:00]} Rfe8 {[%clk 1:13:25]} 16. Nde2 {[%clk 0:34:53]} Qb8
{[%clk 1:07:36]} 17. g5 {[%clk 0:23:24]} Nfd7 {[%clk 1:07:22]} 18. b3
{[%clk 0:16:38]} Ng6 {[%clk 0:54:01]} 19. f4 {[%clk 0:12:21]} Qa8
{[%clk 0:41:36]} 20. Qd2 {[%clk 0:09:13]} Rc7 {[%clk 0:41:14]} 21. Bf2
{[%clk 0:08:18]} Rec8 {[%clk 0:38:30]} 22. h4 {[%clk 0:07:00]} e5
{[%clk 0:36:49]} 23. f5 {[%clk 0:02:36]} Nf4 {[%clk 0:37:06]} 24. Nxf4
{[%clk 0:02:03]} Rxc3 {[%clk 0:36:32]} 25. Nd5 {[%clk 0:01:50]} Bxd5
{[%clk 0:36:49]} 26. exd5 {[%clk 0:02:16]} Rxc2 {[%clk 0:36:11]} 27. Qd1
{[%clk 0:02:23]} f6 {[%clk 0:29:19]} 28. Be3 {[%clk 0:01:37]} Qb7
{[%clk 0:25:59]} 29. Be4 {[%clk 0:01:09]} R2c3 {[%clk 0:26:14]} 30. Bd2
{[%clk 0:00:49]} Rh3 {[%clk 0:18:44]} 31. Qg4 {[%clk 0:00:42]} Rxb3
{[%clk 0:18:59]} 32. Kh1 {[%clk 0:00:45]} Rc4 {[%clk 0:14:42]} 33. Rac1
{[%clk 0:00:39]} Nc5 {[%clk 0:11:19]} 34. Rxc4 {[%clk 0:01:01]} bxc4
{[%clk 0:11:45]} 35. Bg2 {[%clk 0:00:46]} c3 {[%clk 0:09:55]} 36. gxf6
{[%clk 0:00:43]} Bxf6 {[%clk 0:10:07]} 37. Bg5 {[%clk 0:00:54]} Qf7
{[%clk 0:07:57]} 38. Rg1 {[%clk 0:00:39]} c2 {[%clk 0:05:14]} 39. Bc1
{[%clk 0:00:35]} Qe8 {[%clk 0:02:25]} 40. Bg5 {[%clk 0:00:38]} Qe7
{[%clk 0:01:38]} 41. Bc1 {[%clk 0:00:37]} e4 {[%clk 0:01:45]} 42. Qe2
{[%clk 0:00:38]} Bxh4 {[%clk 0:01:34]} 43. Bf4 {[%clk 0:00:33]} Bg3
{[%clk 0:01:31]} 44. Bxg3 {[%clk 0:00:47]} Rxg3 {[%clk 0:01:59]} 45. Qh5
{[%clk 0:00:46]} Nd3 {[%clk 0:01:27]} 46. f6 {[%clk 0:00:55]} gxf6
{[%clk 0:01:32]} 0-1

[Event "Top 12 Feminin Groupe A"]
[Site "Juvisy sur Orge"]
[Date "2018.05.05"]
[Round "1.2"]
[White "Cornette, Deimante"]
[Black "Collas, Silvia"]
[Result "1-0"]
[WhiteElo "2461"]
[BlackElo "2269"]
[PlyCount "59"]
[EventDate "2018.05.05"]



1. e4 {[%clk 1:30:57]} c5 {[%clk 1:30:48]} 2. Nf3 {[%clk 1:29:20]} e6
{[%clk 1:30:37]} 3. d4 {[%clk 1:29:32]} cxd4 {[%clk 1:30:50]} 4. Nxd4
{[%clk 1:29:56]} a6 {[%clk 1:31:06]} 5. Be2 {[%clk 1:28:28]} Qc7 {[%clk 1:22:10]}
6. O-O {[%clk 1:25:35]} b5 {[%clk 1:18:22]} 7. c4 {[%clk 1:12:14]} bxc4
{[%clk 1:14:19]} 8. Nd2 {[%clk 1:10:36]} Bb7 {[%clk 1:09:43]} 9. Nxc4
{[%clk 1:05:31]} Bxe4 {[%clk 1:08:10]} 10. Be3 {[%clk 1:01:14]} Nc6
{[%clk 1:04:34]} 11. Rc1 {[%clk 0:59:59]} Nf6 {[%clk 1:03:18]} 12. Bf3
{[%clk 0:51:38]} Bxf3 {[%clk 0:53:59]} 13. Qxf3 {[%clk 0:51:57]} Nd5
{[%clk 0:51:24]} 14. Nxc6 {[%clk 0:22:05]} dxc6 {[%clk 0:49:48]} 15. Bd4
{[%clk 0:21:40]} Qf4 {[%clk 0:43:37]} 16. Qd1 {[%clk 0:21:42]} Rc8
{[%clk 0:34:19]} 17. Be5 {[%clk 0:18:41]} Qg5 {[%clk 0:33:52]} 18. Qa4
{[%clk 0:18:21]} Nf4 {[%clk 0:23:37]} 19. Bxf4 {[%clk 0:14:13]} Qxf4
{[%clk 0:24:02]} 20. Qxa6 {[%clk 0:14:35]} Qc7 {[%clk 0:15:27]} 21. Ne5
{[%clk 0:13:24]} c5 {[%clk 0:11:13]} 22. Qa4+ {[%clk 0:05:50]} Ke7
{[%clk 0:11:36]} 23. Rfd1 {[%clk 0:05:53]} Qxe5 {[%clk 0:09:19]} 24. Qd7+
{[%clk 0:06:13]} Kf6 {[%clk 0:09:44]} 25. Qxc8 {[%clk 0:06:19]} Qxb2
{[%clk 0:05:11]} 26. Qd8+ {[%clk 0:05:58]} Kg6 {[%clk 0:05:36]} 27. a4
{[%clk 0:05:57]} Qb3 {[%clk 0:03:32]} 28. a5 {[%clk 0:03:01]} c4 {[%clk 0:03:49]}
29. a6 {[%clk 0:02:45]} Qa2 {[%clk 0:01:55]} 30. Ra1 {[%clk 0:01:55]} 1-0

[Event "Top 12 Feminin Groupe A"]
[Site "Juvisy sur Orge"]
[Date "2018.05.05"]
[Round "1.3"]
[White "Khelif, Jihane"]
[Black "Dornbush, Tatiana"]
[Result "0-1"]
[WhiteElo "1698"]
[BlackElo "2290"]
[PlyCount "60"]
[EventDate "2018.05.05"]




1. e4 {[%clk 1:30:58]} Nf6 {[%clk 1:30:42]} 2. e5 {[%clk 1:30:48]} Nd5
{[%clk 1:30:53]} 3. Bc4 {[%clk 1:27:37]} e6 {[%clk 1:29:02]} 4. Ne2
{[%clk 1:27:00]} d6 {[%clk 1:24:52]} 5. d4 {[%clk 1:25:20]} dxe5 {[%clk 1:19:04]}
6. dxe5 {[%clk 1:25:10]} Bb4+ {[%clk 1:13:43]} 7. c3 {[%clk 1:21:58]} Be7
{[%clk 1:13:34]} 8. Nd2 {[%clk 1:13:43]} Nb6 {[%clk 1:09:08]} 9. Bb3
{[%clk 1:10:30]} Nc6 {[%clk 1:06:54]} 10. f4 {[%clk 1:07:10]} O-O
{[%clk 1:04:01]} 11. O-O {[%clk 1:03:29]} Bd7 {[%clk 0:53:12]} 12. Ne4
{[%clk 0:59:48]} Na5 {[%clk 0:45:22]} 13. Bc2 {[%clk 0:58:38]} Bb5
{[%clk 0:45:00]} 14. Qe1 {[%clk 0:55:39]} Bd3 {[%clk 0:43:53]} 15. Nf6+
{[%clk 0:38:35]} gxf6 {[%clk 0:37:35]} 16. Qg3+ {[%clk 0:26:38]} Bg6
{[%clk 0:37:27]} 17. f5 {[%clk 0:26:12]} exf5 {[%clk 0:32:07]} 18. Bh6
{[%clk 0:26:27]} Re8 {[%clk 0:27:06]} 19. Rad1 {[%clk 0:16:44]} Bc5+
{[%clk 0:20:01]} 20. Kh1 {[%clk 0:16:12]} Qe7 {[%clk 0:19:00]} 21. Rxf5
{[%clk 0:14:53]} fxe5 {[%clk 0:14:38]} 22. h4 {[%clk 0:10:56]} Nac4
{[%clk 0:08:21]} 23. h5 {[%clk 0:09:23]} Kh8 {[%clk 0:07:04]} 24. hxg6
{[%clk 0:05:54]} fxg6 {[%clk 0:07:20]} 25. Bg5 {[%clk 0:04:37]} gxf5
{[%clk 0:05:47]} 26. Bxe7 {[%clk 0:04:56]} Rxe7 {[%clk 0:06:10]} 27. Bxf5
{[%clk 0:03:37]} Ne3 {[%clk 0:05:42]} 28. b4 {[%clk 0:00:49]} Nxd1
{[%clk 0:02:59]} 29. bxc5 {[%clk 0:01:09]} Nd5 {[%clk 0:02:47]} 30. Qg5
{[%clk 0:00:44]} Rg8 {[%clk 0:02:57]} 31. Qh6 {[%clk 0:00:40]} Nf2+
{[%clk 0:02:25]} 32. Kg1 {[%clk 0:00:57]} Ng4 {[%clk 0:02:44]} 33. Qd2
{[%clk 0:00:37]} Nde3 {[%clk 0:01:53]} 34. Ng3 {[%clk 0:00:51]} Nxf5
{[%clk 0:01:51]} 35. Nxf5 {[%clk 0:01:18]} Rf7 {[%clk 0:01:46]} 36. Nh6
{[%clk 0:01:35]} Nxh6 {[%clk 0:01:29]} 37. Qxh6 {[%clk 0:02:00]} c6
{[%clk 0:01:05]} 38. Qe6 {[%clk 0:02:19]} Rfg7 {[%clk 0:00:46]} 39. Qxe5
{[%clk 0:02:40]} h6 {[%clk 0:00:59]} 40. Qf6 {[%clk 0:02:52]} Kh7
{[%clk 0:01:27]} 41. Qf5+ {[%clk 0:03:09]} Rg6 {[%clk 0:01:52]} 42. Qf7+
{[%clk 0:03:09]} R8g7 {[%clk 0:02:19]} 43. Qf5 {[%clk 0:03:24]} Kh8
{[%clk 0:02:15]} 44. Qf8+ {[%clk 0:03:23]} Rg8 {[%clk 0:02:36]} 45. Qf4
{[%clk 0:02:38]} Rxg2+ {[%clk 0:03:00]} 46. Kf1 {[%clk 0:02:55]} R2g6
{[%clk 0:03:20]} 47. a4 {[%clk 0:02:42]} a6 {[%clk 0:03:18]} 48. a5
{[%clk 0:02:55]} R8g7 {[%clk 0:02:58]} 49. Kf2 {[%clk 0:02:29]} Kg8
{[%clk 0:03:16]} 50. Qc4+ {[%clk 0:01:38]} Rf7+ {[%clk 0:03:23]} 51. Ke3
{[%clk 0:01:54]} Kf8 {[%clk 0:03:30]} 52. Qd4 {[%clk 0:01:51]} Rgf6
{[%clk 0:03:12]} 53. Qd8+ {[%clk 0:01:47]} Kg7 {[%clk 0:03:38]} 54. Qd4
{[%clk 0:02:10]} h5 {[%clk 0:03:37]} 55. Qe5 {[%clk 0:02:13]} Kh6
{[%clk 0:03:50]} 56. Kd4 {[%clk 0:02:01]} h4 {[%clk 0:03:01]} 57. c4
{[%clk 0:02:14]} Rf4+ {[%clk 0:01:36]} 58. Ke3 {[%clk 0:02:21]} Rf3+
{[%clk 0:01:56]} 59. Ke2 {[%clk 0:01:35]} Rf2+ {[%clk 0:02:22]} 60. Ke3
{[%clk 0:01:17]} R7f3+ {[%clk 0:02:32]} 61. Kd4 {[%clk 0:01:22]} Rd2+
{[%clk 0:02:54]} 62. Qe4 0-1

[Event "Top 12 Feminin Groupe A"]
[Site "Juvisy sur Orge"]
[Date "2018.05.05"]
[Round "1.4"]
[White "Lebel-Arias, Julia"]
[Black "Marchand, Laure"]
[Result "1-0"]
[WhiteElo "1729"]
[BlackElo "1344"]
[PlyCount "63"]
[EventDate "2018.05.05"]


1. d4 {[%clk 1:30:53]} d5 {[%clk 1:30:50]} 2. e3 {[%clk 1:31:14]} Nf6
{[%clk 1:30:48]} 3. Bd3 {[%clk 1:31:34]} g6 {[%clk 1:30:56]} 4. Nd2
{[%clk 1:31:47]} Bg7 {[%clk 1:30:07]} 5. f4 {[%clk 1:32:07]} O-O {[%clk 1:28:27]}
6. Ngf3 {[%clk 1:32:30]} b6 {[%clk 1:22:59]} 7. Qe2 {[%clk 1:32:43]} a5
{[%clk 1:20:28]} 8. O-O {[%clk 1:32:39]} c5 {[%clk 1:16:59]} 9. c3
{[%clk 1:33:00]} Ba6 {[%clk 1:16:48]} 10. a4 {[%clk 1:33:15]} Bxd3
{[%clk 1:07:36]} 11. Qxd3 {[%clk 1:33:33]} Na6 {[%clk 1:06:01]} 12. Ne5
{[%clk 1:33:37]} Nc7 {[%clk 1:04:41]} 13. g4 {[%clk 1:33:47]} cxd4
{[%clk 0:59:18]} 14. exd4 {[%clk 1:33:55]} Qc8 {[%clk 0:57:17]} 15. Qf3
{[%clk 1:33:21]} Nfe8 {[%clk 0:53:43]} 16. f5 {[%clk 1:28:45]} Nd6
{[%clk 0:51:26]} 17. Qf4 {[%clk 1:25:01]} Nce8 {[%clk 0:49:20]} 18. h3
{[%clk 1:32:08]} Nf6 {[%clk 0:47:34]} 19. Qg5 {[%clk 1:18:08]} Qc7
{[%clk 0:46:30]} 20. fxg6 {[%clk 1:13:38]} fxg6 {[%clk 0:43:05]} 21. Ndf3
{[%clk 1:06:07]} Nde4 {[%clk 0:40:05]} 22. Qh4 {[%clk 1:06:11]} Rae8
{[%clk 0:37:18]} 23. Bh6 {[%clk 0:58:26]} e6 {[%clk 0:32:50]} 24. Rae1
{[%clk 0:55:15]} Nd7 {[%clk 0:28:43]} 25. Bxg7 {[%clk 0:54:08]} Kxg7
{[%clk 0:29:01]} 26. Ng5 {[%clk 0:52:46]} Nxg5 {[%clk 0:28:51]} 27. Qxg5
{[%clk 0:52:31]} h6 {[%clk 0:26:23]} 28. Qxg6+ {[%clk 0:52:49]} Kh8
{[%clk 0:25:59]} 29. Qxh6+ {[%clk 0:51:38]} Kg8 {[%clk 0:25:50]} 30. Qg6+
{[%clk 0:51:49]} Kh8 {[%clk 0:25:52]} 31. Rf7 {[%clk 0:51:33]} Qxe5
{[%clk 0:22:48]} 32. Qh7# 1-0

[Event "Top 12 Feminin Groupe A"]
[Site "Juvisy sur Orge"]
[Date "2018.05.05"]
[Round "1.5"]
[White "Varga, Klara"]
[Black "Matnadze, Ana"]
[Result "1-0"]
[WhiteElo "2195"]
[BlackElo "2388"]
[PlyCount "85"]
[EventDate "2018.05.05"]




1. c4 {[%clk 1:30:56]} Nf6 {[%clk 1:30:40]} 2. g3 {[%clk 1:31:18]} e6
{[%clk 1:30:47]} 3. Bg2 {[%clk 1:31:40]} d5 {[%clk 1:29:36]} 4. Nf3
{[%clk 1:32:01]} c6 {[%clk 1:28:38]} 5. O-O {[%clk 1:32:01]} Be7 {[%clk 1:28:07]}
6. d4 {[%clk 1:32:14]} O-O {[%clk 1:28:03]} 7. Qc2 {[%clk 1:32:36]} a5
{[%clk 1:25:59]} 8. Ne5 {[%clk 1:22:33]} a4 {[%clk 1:19:41]} 9. Nc3
{[%clk 1:12:23]} a3 {[%clk 1:08:48]} 10. b3 {[%clk 0:55:29]} Na6 {[%clk 1:03:52]}
11. c5 {[%clk 0:54:47]} Nb4 {[%clk 1:01:03]} 12. Qd2 {[%clk 0:54:10]} Ne8
{[%clk 0:32:13]} 13. Na4 {[%clk 0:53:11]} f6 {[%clk 0:32:14]} 14. Nf3
{[%clk 0:47:34]} Rxa4 {[%clk 0:30:04]} 15. bxa4 {[%clk 0:47:50]} Na6
{[%clk 0:30:13]} 16. Bxa3 {[%clk 0:43:56]} g5 {[%clk 0:29:05]} 17. Ne1
{[%clk 0:34:18]} Ng7 {[%clk 0:27:01]} 18. Bb2 {[%clk 0:30:32]} Qe8
{[%clk 0:26:47]} 19. Nd3 {[%clk 0:22:47]} Bd8 {[%clk 0:26:09]} 20. Rae1
{[%clk 0:20:23]} Bc7 {[%clk 0:21:22]} 21. e4 {[%clk 0:13:30]} Qg6
{[%clk 0:16:24]} 22. f4 {[%clk 0:12:27]} gxf4 {[%clk 0:12:07]} 23. Nxf4
{[%clk 0:12:39]} Qg5 {[%clk 0:09:43]} 24. exd5 {[%clk 0:10:10]} cxd5
{[%clk 0:09:29]} 25. Bc3 {[%clk 0:10:12]} Nb8 {[%clk 0:08:37]} 26. Rf2
{[%clk 0:02:46]} Nc6 {[%clk 0:07:25]} 27. Ref1 {[%clk 0:03:10]} h6
{[%clk 0:05:20]} 28. Qd3 {[%clk 0:02:16]} f5 {[%clk 0:05:15]} 29. Bd2
{[%clk 0:01:59]} Qf6 {[%clk 0:05:30]} 30. Ne2 {[%clk 0:02:18]} Bd7
{[%clk 0:03:52]} 31. g4 {[%clk 0:01:47]} Ne7 {[%clk 0:03:56]} 32. Qh3
{[%clk 0:01:53]} Bxa4 {[%clk 0:02:14]} 33. Bxh6 {[%clk 0:01:51]} Bb5
{[%clk 0:01:52]} 34. gxf5 {[%clk 0:01:33]} Nexf5 {[%clk 0:01:22]} 35. Rxf5
{[%clk 0:01:03]} Nxf5 {[%clk 0:01:16]} 36. Qg4+ {[%clk 0:01:04]} Kh7
{[%clk 0:01:18]} 37. Bxf8 {[%clk 0:00:58]} Qxf8 {[%clk 0:01:21]} 38. Rf3
{[%clk 0:00:49]} Qg7 {[%clk 0:00:47]} 39. Rh3+ {[%clk 0:01:02]} Kg8
{[%clk 0:01:07]} 40. Qf3 {[%clk 0:00:34]} Nxd4 {[%clk 0:00:33]} 41. Nxd4
{[%clk 0:00:44]} Qxd4+ {[%clk 0:01:01]} 42. Qf2 {[%clk 0:00:48]} Qd1+
{[%clk 0:00:55]} 43. Bf1 {[%clk 0:01:03]} 1-0

[Event "Top 12 Feminin Groupe A"]
[Site "Juvisy sur Orge"]
[Date "2018.05.05"]
[Round "1.6"]
[White "Safranska, Anda"]
[Black "Nicoara, Malina"]
[Result "1-0"]
[WhiteElo "2200"]
[BlackElo "2090"]
[PlyCount "71"]
[EventDate "2018.05.05"]




1. g3 {[%clk 1:30:55]} g6 {[%clk 1:30:47]} 2. Bg2 {[%clk 1:31:21]} Bg7
{[%clk 1:31:07]} 3. c4 {[%clk 1:31:44]} d6 {[%clk 1:31:11]} 4. Nc3
{[%clk 1:31:56]} e5 {[%clk 1:31:10]} 5. e4 {[%clk 1:32:09]} Nc6 {[%clk 1:30:20]}
6. Nge2 {[%clk 1:32:08]} Nge7 {[%clk 1:29:30]} 7. d3 {[%clk 1:32:04]} h6
{[%clk 1:27:32]} 8. O-O {[%clk 1:27:53]} O-O {[%clk 1:27:27]} 9. Nd5
{[%clk 1:27:06]} a5 {[%clk 1:19:19]} 10. Be3 {[%clk 1:27:14]} Be6
{[%clk 1:16:28]} 11. Rb1 {[%clk 1:17:10]} Kh7 {[%clk 1:14:38]} 12. b3
{[%clk 1:15:28]} Nd4 {[%clk 1:10:44]} 13. Nxd4 {[%clk 1:15:01]} exd4
{[%clk 1:11:09]} 14. Bd2 {[%clk 1:15:19]} c6 {[%clk 0:57:04]} 15. Nf4
{[%clk 1:14:00]} Bd7 {[%clk 0:54:25]} 16. h4 {[%clk 1:11:31]} Qc8
{[%clk 0:53:24]} 17. Kh2 {[%clk 1:11:22]} f5 {[%clk 0:45:31]} 18. Qe2
{[%clk 0:52:57]} Re8 {[%clk 0:35:47]} 19. Rbe1 {[%clk 0:50:11]} Be5
{[%clk 0:17:55]} 20. Qd1 {[%clk 0:47:43]} fxe4 {[%clk 0:15:42]} 21. dxe4
{[%clk 0:45:48]} Rf8 {[%clk 0:13:41]} 22. Nd3 {[%clk 0:45:25]} Qc7
{[%clk 0:11:27]} 23. f4 {[%clk 0:44:41]} Bg7 {[%clk 0:11:50]} 24. h5
{[%clk 0:44:28]} Rae8 {[%clk 0:11:57]} 25. hxg6+ {[%clk 0:43:59]} Nxg6
{[%clk 0:05:50]} 26. Qh5 {[%clk 0:44:09]} Qd8 {[%clk 0:03:32]} 27. Bxa5
{[%clk 0:42:20]} b6 {[%clk 0:03:44]} 28. Bd2 {[%clk 0:42:36]} Qf6
{[%clk 0:03:06]} 29. a4 {[%clk 0:40:42]} c5 {[%clk 0:03:05]} 30. Rh1
{[%clk 0:37:19]} Kg8 {[%clk 0:03:27]} 31. Kg1 {[%clk 0:37:25]} Nh8
{[%clk 0:03:32]} 32. e5 {[%clk 0:22:34]} dxe5 {[%clk 0:03:55]} 33. Nxe5
{[%clk 0:19:34]} Be6 {[%clk 0:03:31]} 34. Bc6 {[%clk 0:18:45]} Re7
{[%clk 0:03:39]} 35. Bf3 {[%clk 0:12:19]} Rd8 {[%clk 0:02:57]} 36. Nc6
{[%clk 0:12:03]} 1-0

[Event "Top 12 Feminin Groupe A"]
[Site "Juvisy sur Orge"]
[Date "2018.05.05"]
[Round "1.7"]
[White "Abbassi, Zeyneb"]
[Black "Flear, Christine"]
[Result "0-1"]
[WhiteElo "1950"]
[BlackElo "1399"]
[PlyCount "44"]
[EventDate "2018.05.05"]




1. d4 {[%clk 1:30:58]} d5 {[%clk 1:30:34]} 2. Bf4 {[%clk 1:31:23]} Nf6
{[%clk 1:29:08]} 3. e3 {[%clk 1:31:44]} g6 {[%clk 1:28:11]} 4. Nc3
{[%clk 1:31:47]} Bg7 {[%clk 1:28:03]} 5. Nf3 {[%clk 1:30:44]} O-O
{[%clk 1:26:29]} 6. Be2 {[%clk 1:29:04]} a6 {[%clk 1:21:43]} 7. Ne5
{[%clk 1:27:13]} Be6 {[%clk 1:19:27]} 8. h4 {[%clk 1:26:34]} h6 {[%clk 1:09:09]}
9. g4 {[%clk 1:11:00]} Nfd7 {[%clk 0:59:52]} 10. Nd3 {[%clk 0:56:18]} c5
{[%clk 0:51:21]} 11. Nc1 {[%clk 0:38:43]} Nc6 {[%clk 0:35:18]} 12. Nb3
{[%clk 0:32:27]} Qb6 {[%clk 0:19:28]} 13. dxc5 {[%clk 0:27:51]} Nxc5
{[%clk 0:19:49]} 14. Qd2 {[%clk 0:23:02]} Ne4 {[%clk 0:18:42]} 15. Nxe4
{[%clk 0:14:15]} dxe4 {[%clk 0:19:07]} 16. O-O-O {[%clk 0:13:35]} Rfd8
{[%clk 0:15:01]} 17. Qe1 {[%clk 0:12:23]} a5 {[%clk 0:15:23]} 18. c3
{[%clk 0:09:09]} Bxb3 {[%clk 0:12:20]} 19. axb3 {[%clk 0:07:43]} Qxb3
{[%clk 0:12:48]} 20. Rd2 {[%clk 0:07:13]} a4 {[%clk 0:08:25]} 21. Qd1
{[%clk 0:06:09]} Qa2 {[%clk 0:07:31]} 22. Qc2 {[%clk 0:03:13]} Qa1+
{[%clk 0:07:41]} 0-1

[Event "Top 12 Feminin Groupe A"]
[Site "Juvisy sur Orge"]
[Date "2018.05.05"]
[Round "1.8"]
[White "Dubois, Marie"]
[Black "Tsulaia, Salome"]
[Result "1-0"]
[WhiteElo "1963"]
[BlackElo "1430"]
[PlyCount "35"]
[EventDate "2018.05.05"]

1. d4 {[%clk 1:30:55]} Nf6 {[%clk 1:30:35]} 2. c4 {[%clk 1:30:53]} g6
{[%clk 1:30:26]} 3. f3 {[%clk 1:29:18]} Bg7 {[%clk 1:28:21]} 4. e4
{[%clk 1:29:43]} d6 {[%clk 1:27:57]} 5. Nc3 {[%clk 1:30:06]} e6 {[%clk 1:27:05]}
6. Be3 {[%clk 1:29:24]} O-O {[%clk 1:23:50]} 7. Qd2 {[%clk 1:27:46]} Re8
{[%clk 1:18:14]} 8. Rd1 {[%clk 1:21:00]} b6 {[%clk 1:06:48]} 9. Bd3
{[%clk 1:12:45]} Bb7 {[%clk 1:03:01]} 10. Bb1 {[%clk 1:10:38]} d5
{[%clk 0:48:26]} 11. e5 {[%clk 0:57:54]} Nfd7 {[%clk 0:48:01]} 12. cxd5
{[%clk 0:51:14]} exd5 {[%clk 0:47:33]} 13. f4 {[%clk 0:40:59]} Nf8
{[%clk 0:42:43]} 14. Nf3 {[%clk 0:39:02]} Nc6 {[%clk 0:35:29]} 15. O-O
{[%clk 0:34:36]} Bc8 {[%clk 0:32:55]} 16. Qe2 {[%clk 0:22:59]} a6
{[%clk 0:28:32]} 17. f5 {[%clk 0:16:39]} b5 {[%clk 0:15:48]} 18. Ng5
{[%clk 0:13:43]} 1-0

[Event "Top 12 Feminin Groupe A"]
[Site "Juvisy sur Orge"]
[Date "2018.05.06"]
[Round "2.1"]
[White "Cramling, Pia"]
[Black "Varga, Klara"]
[Result "1-0"]
[WhiteElo "2448"]
[BlackElo "2195"]
[PlyCount "111"]
[EventDate "2018.05.06"]

1. d4 {[%clk 1:30:55]} e6 {[%clk 1:30:29]} 2. Nf3 {[%clk 1:31:06]} Nf6
{[%clk 1:30:48]} 3. g3 {[%clk 1:31:27]} d5 {[%clk 1:30:52]} 4. Bg2
{[%clk 1:31:47]} Be7 {[%clk 1:30:46]} 5. O-O {[%clk 1:31:36]} O-O
{[%clk 1:30:55]} 6. c4 {[%clk 1:31:30]} c6 {[%clk 1:30:36]} 7. Qc2
{[%clk 1:24:45]} Nbd7 {[%clk 1:28:09]} 8. Nbd2 {[%clk 1:19:43]} b6
{[%clk 1:28:22]} 9. e4 {[%clk 1:19:46]} dxe4 {[%clk 1:28:25]} 10. Nxe4
{[%clk 1:20:10]} Bb7 {[%clk 1:27:14]} 11. Rd1 {[%clk 1:18:01]} Qc8
{[%clk 1:15:47]} 12. Nxf6+ {[%clk 1:07:36]} Nxf6 {[%clk 1:12:06]} 13. c5
{[%clk 1:06:59]} Rd8 {[%clk 1:09:53]} 14. Bg5 {[%clk 1:00:28]} h6
{[%clk 1:04:45]} 15. Bxf6 {[%clk 1:00:13]} Bxf6 {[%clk 1:05:13]} 16. Ne5
{[%clk 0:59:35]} Qc7 {[%clk 1:04:17]} 17. f4 {[%clk 0:58:56]} Be7
{[%clk 0:53:40]} 18. a3 {[%clk 0:52:15]} a5 {[%clk 0:51:52]} 19. h4
{[%clk 0:44:59]} a4 {[%clk 0:50:29]} 20. Kh2 {[%clk 0:45:04]} Bf8
{[%clk 0:45:53]} 21. Bf3 {[%clk 0:42:14]} bxc5 {[%clk 0:38:51]} 22. dxc5
{[%clk 0:42:26]} Qe7 {[%clk 0:39:01]} 23. Rd6 {[%clk 0:27:47]} Rxd6
{[%clk 0:28:35]} 24. cxd6 {[%clk 0:28:13]} Qxd6 {[%clk 0:28:48]} 25. Bh5
{[%clk 0:27:47]} f5 {[%clk 0:25:35]} 26. Rd1 {[%clk 0:24:02]} Qc5
{[%clk 0:23:54]} 27. Bf7+ {[%clk 0:24:18]} Kh8 {[%clk 0:22:50]} 28. Qxc5
{[%clk 0:22:31]} Bxc5 {[%clk 0:23:18]} 29. Bxe6 {[%clk 0:22:54]} Ba6
{[%clk 0:17:14]} 30. Bxf5 {[%clk 0:20:19]} Rb8 {[%clk 0:17:32]} 31. Kh3
{[%clk 0:19:54]} Be2 {[%clk 0:17:15]} 32. Rd2 {[%clk 0:19:25]} Bf1+
{[%clk 0:17:30]} 33. Kg4 {[%clk 0:16:27]} Be3 {[%clk 0:16:45]} 34. Rc2
{[%clk 0:16:33]} c5 {[%clk 0:16:27]} 35. h5 {[%clk 0:12:44]} Bd4 {[%clk 0:10:37]}
36. Nc6 {[%clk 0:11:35]} Rf8 {[%clk 0:09:35]} 37. Be4 {[%clk 0:09:53]} Bf6
{[%clk 0:07:11]} 38. Ne5 {[%clk 0:09:40]} Rc8 {[%clk 0:05:19]} 39. Bf5
{[%clk 0:09:20]} Rc7 {[%clk 0:05:12]} 40. Rd2 {[%clk 0:08:45]} c4
{[%clk 0:04:59]} 41. Rf2 {[%clk 0:06:39]} Bd3 {[%clk 0:04:29]} 42. Bxd3
{[%clk 0:06:26]} cxd3 {[%clk 0:01:03]} 43. Nxd3 {[%clk 0:06:46]} Re7
{[%clk 0:00:51]} 44. Kf3 {[%clk 0:06:07]} Kh7 {[%clk 0:00:38]} 45. Re2
{[%clk 0:05:38]} Rb7 {[%clk 0:00:38]} 46. Ne5 {[%clk 0:05:43]} Kg8
{[%clk 0:00:56]} 47. Kg4 {[%clk 0:05:38]} Rb3 {[%clk 0:01:11]} 48. Rc2
{[%clk 0:05:12]} Bxe5 {[%clk 0:01:17]} 49. fxe5 {[%clk 0:05:38]} Kf7
{[%clk 0:01:40]} 50. Rc4 {[%clk 0:05:00]} Rxb2 {[%clk 0:01:48]} 51. Rxa4
{[%clk 0:05:18]} Ke6 {[%clk 0:00:39]} 52. Ra7 {[%clk 0:05:21]} Rb3
{[%clk 0:00:42]} 53. Kf4 {[%clk 0:04:31]} Rc3 {[%clk 0:00:55]} 54. Ra6+
{[%clk 0:04:46]} Kf7 {[%clk 0:00:53]} 55. a4 {[%clk 0:04:54]} Rc4+
{[%clk 0:01:03]} 56. Ke4 1-0

[Event "Top 12 Feminin Groupe A"]
[Site "Juvisy sur Orge"]
[Date "2018.05.06"]
[Round "2.2"]
[White "Nicoara, Malina"]
[Black "Cornette, Deimante"]
[Result "1-0"]
[WhiteElo "2090"]
[BlackElo "2461"]
[PlyCount "34"]
[EventDate "2018.05.06"]


1. d4 {[%clk 1:30:57]} d6 {[%clk 1:30:53]} 2. c4 {[%clk 1:30:06]} e5
{[%clk 1:31:07]} 3. d5 {[%clk 1:25:36]} Be7 {[%clk 1:29:16]} 4. Nc3
{[%clk 1:24:45]} Bg5 {[%clk 1:29:16]} 5. e4 {[%clk 1:23:33]} Bxc1
{[%clk 1:28:31]} 6. Rxc1 {[%clk 1:23:44]} Ne7 {[%clk 1:28:36]} 7. Bd3
{[%clk 1:18:34]} Ng6 {[%clk 1:16:59]} 8. g3 {[%clk 1:08:39]} O-O {[%clk 1:11:35]}
9. h4 {[%clk 1:04:16]} Ne7 {[%clk 1:10:09]} 10. Nh3 {[%clk 0:48:10]} Nd7
{[%clk 0:59:53]} 11. b4 {[%clk 0:46:28]} Nf6 {[%clk 0:48:07]} 12. a3
{[%clk 0:36:01]} c6 {[%clk 0:42:17]} 13. Rc2 {[%clk 0:35:33]} a5 {[%clk 0:34:04]}
14. Rb2 {[%clk 0:06:33]} axb4 {[%clk 0:29:24]} 15. axb4 {[%clk 0:06:57]} b5
{[%clk 0:17:58]} 16. cxb5 {[%clk 0:04:55]} cxd5 {[%clk 0:18:13]} 17. exd5
{[%clk 0:05:04]} Bxh3 {[%clk 0:18:11]} 0-1